[Event "Buenos Aires Faogba 36th"]
[Site "Buenos Aires"]
[Date "2019.11.28"]
[Round "7.15"]
[White "Bascher, Jorge"]
[Black "Roguin, Nestor H"]
[Result "0-1"]
[WhiteElo "1645"]
[BlackElo "1817"]
[PlyCount "56"]
[EventDate "2019.11.07"]
[EventType "swiss"]
[EventRounds "7"]
[EventCountry "ARG"]
[SourceTitle "EXT 2024"]
[Source "ChessBase"]
[SourceDate "2023.10.10"]
[SourceVersion "1"]
[SourceVersionDate "2023.10.10"]
[SourceQuality "1"]

1. e4 c5 2. Nf3 Nc6 3. d4 cxd4 4. Nxd4 Nf6 5. Nc3 e5 6. Nb3 Bb4 7. Bg5 h6 8. Bxf6 Qxf6 9. Qd2 0-0 10. Bd3 d6 11. 0-0 Be6 12. a3 Bxc3 13. bxc3 d5 14. f4 dxe4 15. fxe5 Qxe5 16. Rae1 f5 17. Qe2 Qxc3 18. Qh5 Bxb3 19. cxb3 Qxd3 20. Rd1 Qe3+ 21. Kh1 Qg5 22. Qe2 Rad8 23. Qb5 Rxd1 24. Rxd1 Qe7 25. h3 f4 26. Rd5 f3 27. Qc4 Kh8 28. gxf3 exf3 0-1

[Event "Moron Mayor Cup Challengers 1819"]
[Site "Moron"]
[Date "2019.??.??"]
[Round "7.7"]
[White "Gonzalez, Federico1111"]
[Black "Roguin, Nestor H"]
[Result "1-0"]
[WhiteElo "1995"]
[BlackElo "2006"]
[PlyCount "41"]
[EventDate "2019.04.01"]
[EventType "tourn"]
[EventRounds "7"]
[EventCountry "ARG"]
[SourceTitle "EXT 2024"]
[Source "ChessBase"]
[SourceDate "2023.10.10"]
[SourceVersion "1"]
[SourceVersionDate "2023.10.10"]
[SourceQuality "1"]

1. d4 Nf6 2. c4 g6 3. Nc3 Bg7 4. e4 d6 5. h3 0-0 6. Bg5 e5 7. d5 a5 8. Nf3 Na6 9. Be2 Nc5 10. Nd2 c6 11. 0-0 a4 12. b4 axb3 13. axb3 Rxa1 14. Qxa1 Qb6 15. Be3 cxd5 16. cxd5 Qc7 17. Nb5 Qb8 18. b4 Na6 19. Nc4 Ne8 20. Ba7 Qa8 21. Nb6 1-0

[Event "Moron Philidor CC A 6th"]
[Site "Moron"]
[Date "2019.??.??"]
[Round "2.1"]
[White "Larsen, Alfonso Diego"]
[Black "Roguin, Nestor H"]
[Result "0-1"]
[WhiteElo "2032"]
[BlackElo "1978"]
[PlyCount "86"]
[EventDate "2019.01.31"]
[EventType "swiss"]
[EventRounds "5"]
[EventCountry "ARG"]
[SourceTitle "EXT 2024"]
[Source "ChessBase"]
[SourceDate "2023.10.10"]
[SourceVersion "1"]
[SourceVersionDate "2023.10.10"]
[SourceQuality "1"]

1. Nf3 Nf6 2. d4 d5 3. Bf4 c5 4. e3 Nc6 5. Nbd2 cxd4 6. exd4 e6 7. c3 Bd6 8. Bg3 0-0 9. Bd3 Re8 10. Ne5 Qc7 11. f4 a6 12. 0-0 b5 13. a4 b4 14. Rc1 Ne7 15. Kh1 Qb6 16. Bf2 Bb7 17. Qe2 Ng6 18. Bg1 Rac8 19. g3 Re7 20. h4 Rec7 21. Nb1 Ne4 22. Bxe4 dxe4 23. h5 Nf8 24. h6 f6 25. hxg7 Rxg7 26. d5 Bc5 27. a5 Qd6 28. Ng4 Rg6 29. Ne3 Rxg3 30. cxb4 Bxe3 31. Rxc8 Bxc8 32. Bxe3 exd5 33. Bc5 Qe6 34. f5 Qe5 35. Qh2 Rg5 36. Qxe5 fxe5 37. Nc3 d4 38. Nd5 Bb7 39. Nc7 e3+ 40. Kh2 Nd7 41. Ne6 Rg2+ 42. Kh3 e2 43. f6 exf1Q 0-1

[Event "Moron Mayor Cup Challengers 1819"]
[Site "Moron"]
[Date "2019.??.??"]
[Round "5.5"]
[White "Roguin, Nestor H"]
[Black "Semprevivo, Florencia"]
[Result "0-1"]
[WhiteElo "2006"]
[BlackElo "1977"]
[PlyCount "76"]
[EventDate "2019.04.01"]
[EventType "tourn"]
[EventRounds "7"]
[EventCountry "ARG"]
[SourceTitle "EXT 2024"]
[Source "ChessBase"]
[SourceDate "2023.10.10"]
[SourceVersion "1"]
[SourceVersionDate "2023.10.10"]
[SourceQuality "1"]

1. d4 f5 2. Nf3 Nf6 3. g3 g6 4. Bg2 Bg7 5. c4 0-0 6. 0-0 d6 7. Nc3 Qe8 8. d5 a5 9. Nd4 Na6 10. b3 Bd7 11. Bb2 c6 12. Qd2 Nc5 13. e3 Nfe4 14. Qc2 Qf7 15. dxc6 bxc6 16. Rad1 Rab8 17. f3 Nxc3 18. Bxc3 a4 19. Rb1 axb3 20. axb3 Na6 21. Qd2 c5 22. Ne2 Bc6 23. Bxg7 Qxg7 24. Nf4 Qf7 25. e4 Nb4 26. Qc3 Ra8 27. Bh3 e5 28. Nd5 Bxd5 29. exd5 Qe7 30. Ra1 Qb7 31. g4 f4 32. g5 Kg7 33. Be6 Rxa1 34. Rxa1 Ra8 35. Re1 Kf8 36. h4 Ra2 37. h5 Qe7 38. Rxe5 Qg7 0-1

[Event "Moron Amateur-ch"]
[Site "Moron"]
[Date "2018.07.21"]
[Round "3"]
[White "Roguin, Nestor H"]
[Black "Valduc, Gustavo Marcelo"]
[Result "1/2-1/2"]
[WhiteElo "1831"]
[BlackElo "1596"]
[PlyCount "86"]
[EventDate "2018.07.17"]
[EventType "swiss"]
[EventRounds "7"]
[EventCountry "ARG"]
[SourceTitle "EXT 2019"]
[Source "ChessBase"]
[SourceDate "2018.10.10"]
[SourceVersion "1"]
[SourceVersionDate "2018.10.10"]
[SourceQuality "1"]

1. d4 d5 2. Nf3 Nf6 3. c4 e6 4. Nc3 Be7 5. Bg5 0-0 6. e3 b6 7. Bxf6 Bxf6 8. cxd5 exd5 9. Bd3 Bb7 10. 0-0 Nd7 11. Rc1 a6 12. b4 Be7 13. a3 Nf6 14. Qc2 Re8 15. Ne5 Bd6 16. f4 Ra7 17. g4 Bxe5 18. g5 Bxd4 19. exd4 Ne4 20. Rfe1 Qd7 21. Nxe4 dxe4 22. Be2 Qxd4+ 23. Kf1 e3 24. Qf5 Be4 25. Qg4 Bd3 26. h4 Bxe2+ 27. Rxe2 Qe4 28. Kg1 c6 29. Rce1 Rae7 30. h5 Qe6 31. Qg3 Qe4 32. Kh2 c5 33. bxc5 bxc5 34. Rg1 c4 35. h6 Rd7 36. Rge1 Rd3 37. Kg1 Qd4 38. Qf3 Rd1 39. Qc6 Rxe1+ 40. Rxe1 e2+ 41. Kg2 Qe4+ 42. Qxe4 Rxe4 43. Kf3 Re8 1/2-1/2

[Event "Moron Philidor CC U2200"]
[Site "Moron"]
[Date "2016.09.17"]
[Round "3"]
[White "Garavagno, Martin"]
[Black "Roguin, Nestor H"]
[Result "1-0"]
[WhiteElo "1790"]
[BlackElo "1860"]
[PlyCount "69"]
[EventDate "2016.09.13"]
[EventType "swiss"]
[EventRounds "7"]
[EventCountry "ARG"]
[SourceTitle "CBM 174 Extra"]
[Source "ChessBase"]
[SourceDate "2016.10.10"]
[SourceVersion "1"]
[SourceVersionDate "2016.10.10"]
[SourceQuality "1"]

1. d4 d5 2. Nf3 Nf6 3. Bf4 c5 4. c3 Nc6 5. e3 Qb6 6. Qb3 c4 7. Qc2 Bf5 8. Qc1 e6 9. Be2 Be7 10. Nbd2 Qd8 11. h3 0-0 12. 0-0 b5 13. Nh4 Ne4 14. Nxf5 exf5 15. b3 Qa5 16. Nxe4 fxe4 17. b4 Qd8 18. a4 a6 19. Qb2 Qb6 20. axb5 axb5 21. Rxa8 Rxa8 22. Ra1 Ra6 23. Bg4 Qa7 24. Rxa6 Qxa6 25. f3 Qa4 26. fxe4 dxe4 27. d5 Nd8 28. Qb1 Kf8 29. Qxe4 Qa1+ 30. Kh2 Qxc3 31. d6 Bf6 32. d7 g5 33. Bd6+ Kg7 34. Qe8 Nc6 35. Bf8+ 1-0